[Event "HCL-C3864"]
[Site "www.playchess.de"]
[Date "2006.01.02"]
[Round "15"]
[White "Roger_K"]
[Black "cioran"]
[WhiteElo "1119"]
[BlackElo "1300"]
[PlyCount "92"]
[Result "1/2-1/2"]

1.e4 e5 2.Nf3 Nc6 3.Bb5 d6 4.d4 Bd7 5.dxe5 Nxe5 
6.Bxd7+ Qxd7 7.Nxe5 dxe5 8.Qxd7+ Kxd7 9.O-O Nf6 
10.Rd1+ Ke6 11.Nc3 Bb4 12.Nd5 Nxd5 13.exd5+ Kd6 
14.c4 f5 15.a3 Ba5 16.b4 Bb6 17.c5+ Bxc5 18.bxc5+ 
Kxc5 19.Be3+ Kd6 20.Rab1 b6 21.g3 g6 22.Kg2 e4 
23.f3 Rhe8 24.Bf4+ Kd7 25.Rbc1 exf3+ 26.Kxf3 Rac8 
27.Rc6 Re4 28.g4 Ra4 29.Rd3 Ra5 30.gxf5 gxf5 
31.Bd2 Ra4 32.Rf6 Rg8 33.Rf7+ Kc8 34.Rxf5 Rag4 
35.Bf4 R4g1 36.Ke4 Re8+ 37.Be5 a5 38.Kd4 Re7 39.d6 
cxd6 40.Bxd6 Reg7 41.Rc3+ Kd7 42.Bf8 R7g4+ 43.Ke5 
Re1+ 44.Kf6 Ke8 45.Rc8+ Kd7 46.Rc3 Ke8 {(offering 
draw)}  1/2-1/2

[Event "HCL-C3994"]
[Site "www.playchess.de"]
[Date "2006.01.02"]
[Round "20"]
[White "garden"]
[Black "Roger_K"]
[WhiteElo "1044"]
[BlackElo "1132"]
[PlyCount "77"]
[Result "1-0"]

1.e4 e5 2.Nf3 Nc6 3.Nc3 Nf6 4.Bb5 Bc5 5.h3 O-O 
6.Bxc6 bxc6 7.Nxe5 Qe7 8.Nc4 Nxe4 9.Nxe4 Qxe4+ 
10.Ne3 Bb7 11.d3 Qe7 12.O-O Bxe3 13.Re1 Bxf2+ 
14.Kxf2 Qh4+ 15.Kg1 Rae8 16.Bd2 c5 17.Qg4 Qxg4 
18.hxg4 Re6 19.Ba5 c6 20.Ref1 d5 21.Kh2 Re2 
22.Rac1 Bc8 23.Rfe1 Bxg4 24.Rxe2 Bxe2 25.Re1 Bg4 
26.Kg3 h5 27.Kh4 g6 28.Re7 a6 29.Rc7 Rc8 30.Rb7 
Re8 31.Rb6 Re2 32.Kg5 Kf8 33.Rxc6 Rxc2 34.Rxa6 
Rxg2 35.Kf6 Rf2+ 36.Kg5 Rxb2 37.Bb6 c4 38.Kf6 Rf2+ 
39.Bxf2 1-0

[Event "HCL-C3981"]
[Site "www.playchess.de"]
[Date "2006.01.02"]
[Round "4"]
[White "JerryReneau"]
[Black "EdDaChed"]
[WhiteElo "1117"]
[BlackElo "1096"]
[PlyCount "48"]
[Result "0-1"]

1.d4 d5 2.e3 Nf6 3.c4 Ne4 4.Bd3 Bf5 5.Bxe4 Bxe4 
6.Nc3 e6 7.Nxe4 dxe4 8.c5 Nc6 9.Bd2 e5 10.Bc3 exd4 
11.exd4 Qd5 12.Ne2 f5 13.Nf4 Qf7 14.O-O O-O-O 
15.b4 Qc4 16.Ne2 Nxb4 17.Bxb4 Qxb4 18.Rb1 Qc4 
19.Qd2 Be7 20.Rb4 Qd5 21.Qb2 g5 22.Nc3 Qd7 23.Rxb7 
c6 24.Rxd7 Rxd7 0-1

[Event "HCL-A2369"]
[Site "www.playchess.de"]
[Date "2006.01.02"]
[Round "8"]
[White "G501"]
[Black "MAGICIAN"]
[WhiteElo "1399"]
[BlackElo "1650"]
[PlyCount "70"]
[Result "0-1"]

1.Nf3 {Greetings, have a nice game.}  d5 {good 
luck.}  2.d4 Nf6 3.Bf4 Nbd7 4.Nc3 e6 5.e3 a6 6.Bd3 
c5 7.O-O Be7 8.a3 b6 9.e4 Nb8 10.e5 Nfd7 11.Qd2 
Nc6 12.Be2 cxd4 13.Nxd4 Ndxe5 14.Nxc6 Nxc6 15.b4 
b5 16.Rad1 Bb7 17.Bd3 O-O 18.Qe3 Bf6 19.Ne2 g6 
20.Bh6 Re8 21.c3 Ne5 22.f3 Rc8 23.h3 Nc4 24.Bxc4 
Rxc4 25.Kh1 Qc8 26.Rdc1 Qc7 27.Bg5 Bg7 28.h4 f6 
29.Bf4 e5 30.Bh2 Rxh4 31.Qf2 Rc4 32.f4 Qe7 33.f5 
Bh6 34.Rcd1 Bg5 35.fxg6 hxg6 0-1

[Event "HCL-C4032"]
[Site "www.playchess.de"]
[Date "2006.01.02"]
[Round "10"]
[White "aussie"]
[Black "sweendog"]
[WhiteElo "1109"]
[BlackElo "734"]
[PlyCount "23"]
[Result "1-0"]

1.e4 e5 2.Nf3 d6 3.d4 exd4 4.Qxd4 Nf6 5.Bg5 Be7 
6.Bc4 Nc6 7.Bb5 O-O 8.Bxc6 bxc6 9.Nc3 c5 10.Qd3 a5 
11.Qd2 a4 12.O-O 1-0

[Event "HCL-A2462"]
[Site "www.playchess.de"]
[Date "2006.01.02"]
[Round "6"]
[White "WolfPlayer"]
[Black "saemi"]
[WhiteElo "1701"]
[BlackElo "1621"]
[PlyCount "32"]
[Result "0-1"]

1.c4 c5 {Hello from Iceland}  2.g3 d5 3.cxd5 Qxd5 
4.Nf3 e5 5.Nc3 Qe6 6.Bg2 Nc6 7.O-O Nf6 8.d3 Be7 
9.Bd2 a6 10.Rc1 h6 11.a3 O-O 12.Nh4 Nd4 13.f4 exf4 
14.gxf4 Ng4 15.Nf3 Nb3 16.Kh1 Nxc1 0-1

[Event "HCL-B3748"]
[Site "www.playchess.de"]
[Date "2006.01.02"]
[Round "1"]
[White "dplcobra"]
[Black "cladious"]
[WhiteElo "969"]
[BlackElo "1400"]
[PlyCount "72"]
[Result "0-1"]

1.b3 d5 2.Bb2 {Hi, Good luck}  c5 {best of luck to 
you too}  3.c4 {thank you}  d4 4.e3 e5 5.Ne2 Nc6 
6.f4 d3 7.Nc1 e4 8.Nc3 Nf6 9.Nxe4 Nxe4 10.Nxd3 
Qh4+ 11.g3 Nxg3 12.Rg1 Ne4+ 13.Ke2 Bg4+ 14.Rxg4 
Qxg4+ 15.Ke1 Qxd1+ 16.Kxd1 Rd8 17.Ke1 f6 18.Ke2 
Nb4 19.Nxb4 Rxd2+ 20.Kf3 cxb4 21.Kxe4 Rxb2 22.Bd3 
Rxh2 23.Kf3 Bd6 24.e4 g5 25.fxg5 fxg5 26.Kg4 Rg2+ 
27.Kh3 Rg3+ 28.Kh2 Rxd3+ 29.Kg2 Rf8 30.Rf1 Rg3+ 
31.Kh1 Rxf1+ 32.Kh2 Rc1 33.e5 Bxe5 {happy 
christmas}  34.a4 {Happy Christmas and a great new 
year}  Rxb3+ 35.Kg2 Rc2+ 36.Kf1 
Rb1+ 0-1

[Event "HCL-E1509"]
[Site "www.playchess.de"]
[Date "2006.01.02"]
[Round "11"]
[White "Eishockeytorwart"]
[Black "BohdanL"]
[WhiteElo "1944"]
[BlackElo "1499"]
[PlyCount "57"]
[Result "1-0"]

1.e4 {welcome from Mönchengladbach (Germany)}  g6 
{Helo from The Hague, Netherland, have a nice 
game}  2.d4 Bg7 3.Nf3 d6 4.Bc4 Nf6 5.e5 dxe5 
6.Nxe5 O-O 7.Bxf7+ Rxf7 8.Nxf7 Kxf7 9.O-O Nc6 
10.c3 Bf5 11.Qb3+ e6 12.Qxb7 Ne7 13.Nd2 Ned5 
14.Nc4 Nd7 15.Na5 Qc8 16.Qxc8 Rxc8 17.Nc6 e5 
18.Nxa7 Rb8 19.Nc6 Rb6 20.Nxe5+ Nxe5 21.dxe5 Bxe5 
22.a4 Ra6 23.a5 {merry Christmas}  c6 {Merry 
Christmas and Happy New Year to you and your 
family}  24.Bd2 Nf4 25.Bxf4 Bxf4 26.g3 Bc7 27.b4 
Bd3 28.Rfd1 Bb5 29.Rd7+ 1-0

[Event "HCL-E1509"]
[Site "www.playchess.de"]
[Date "2006.01.02"]
[Round "4"]
[White "Chascarrillo"]
[Black "Eishockeytorwart"]
[WhiteElo "1876"]
[BlackElo "1944"]
[PlyCount "57"]
[Result "1-0"]

1.d4 d5 {welcome}  2.e4 dxe4 3.Nc3 Nf6 4.f3 exf3 
5.Nxf3 Bg4 6.h3 Bh5 7.g4 Bg6 8.Ne5 c6 9.g5 Nd5 
10.Qf3 Nb4 11.Rh2 Qxd4 12.Nxg6 hxg6 13.Rf2 Qe5+ 
14.Be3 Qf5 15.Qe2 Qe6 16.O-O-O Nxa2+ 17.Nxa2 Qxa2 
18.Qg4 e6 {merry Christmas}  19.Qf4 f5 20.gxf6 
Qa1+ 21.Kd2 Qxb2 22.Qe4 Bb4+ 23.Ke2 O-O 24.Qxe6+ 
Kh7 25.Rf4 Qxf6 26.Rxf6 Rxf6 27.Qc8 Rf8 28.Qxb7 
Na6 29.Qxa6 1-0

[Event "HCL-C3992"]
[Site "www.playchess.de"]
[Date "2006.01.02"]
[Round "1"]
[White "Satellite"]
[Black "Roger_K"]
[WhiteElo "1120"]
[BlackElo "1132"]
[PlyCount "55"]
[Result "1-0"]

1.e4 {I look forward to our game Roger!}  e5 
{Thanks and a good game to you too.}  2.Nf3 Nc6 
3.Bb5 Nf6 4.Nc3 Bc5 5.O-O O-O 6.d3 d6 7.Nd5 Nxd5 
8.exd5 Nb4 9.Ba4 Nxd5 10.Bb3 Be6 11.d4 exd4 
12.Nxd4 Bxd4 13.Qxd4 Ne7 14.Bxe6 Nc6 15.Qd5 fxe6 
16.Qg5 Qxg5 17.Bxg5 Rf5 18.Be3 g6 19.c3 Raf8 
20.Rad1 Ne5 21.Bxa7 Ra8 22.Be3 Rxa2 23.Rd2 Nc4 
24.Re2 Rxb2 25.Rxb2 {All best wishes for 2006 
Roger.}  Nxe3 {And the same to you}  26.Re1 Nd5 
27.Rxb7 Kf7 28.c4 1-0

[Event "ACL-A612"]
[Site "www.playchess.de"]
[Date "2006.01.02"]
[Round "12"]
[White "Fred31"]
[Black "docjan"]
[WhiteElo "1601"]
[BlackElo "1500"]
[PlyCount "32"]
[Result "0-1"]

1.e4 e5 2.Nc3 Nf6 3.Nf3 Bb4 4.d3 d5 5.Bd2 Nc6 
6.exd5 Nxd5 7.Nxd5 Bxd2+ 8.Qxd2 Qxd5 9.Be2 f6 
10.O-O Be6 11.h3 O-O-O 12.Qc3 g5 13.Rad1 Rhg8 
14.Nh2 Nd4 15.Bh5 g4 16.h4 Ne2+ 0-1

[Event "ACL-B026"]
[Site "www.playchess.de"]
[Date "2006.01.02"]
[Round "11"]
[White "Fred31"]
[Black "Rajah"]
[WhiteElo "1575"]
[BlackElo "1642"]
[PlyCount "58"]
[Result "0-1"]

1.e4 {Hello}  e6 {Hi there!}  2.d4 d5 3.e5 c5 
4.Nf3 Qb6 5.c3 Nc6 6.Be2 cxd4 7.O-O Nge7 8.cxd4 
Nf5 9.a3 Nfxd4 10.b4 Nxf3+ 11.Bxf3 Nxe5 12.Be3 
Nxf3+ 13.gxf3 Qd8 14.Kh1 Qh4 15.Rg1 Bd6 16.Rg2 Bd7 
17.Qg1 d4 18.Bc1 Bc6 19.Nd2 Qh5 20.Bb2 Bf4 21.Qd1 
Bxd2 22.Qxd2 Bxf3 23.Rag1 e5 24.Bc1 Rc8 25.Qg5 
Qxg5 26.Bxg5 Bxg2+ 27.Rxg2 f6 28.Bd2 Rc2 29.Be1 
O-O 0-1

[Event "HCL-C4010"]
[Site "www.playchess.de"]
[Date "2006.01.02"]
[Round "3"]
[White "maximo"]
[Black "JULIUS"]
[WhiteElo "800"]
[BlackElo "613"]
[PlyCount "32"]
[Result "0-1"]

1.Nc3 Nc6 2.Nb1 {me move in 1:oo to 1:00 hs}  e5 
3.c3 {me move in 1:00 to 1:00 hs}  d5 4.Na3 Bxa3 
5.bxa3 {http://www.kboing.com.br/minharadio.php?estacao=electric} 
 Nf6 {???????????????}  6.Nh3 {!!!!!!!!!!!!!!!!!!!!} 
 Bxh3 7.gxh3 O-O 8.Qb3 b6 9.Qa4 Na5 10.Bg2 e4 
11.h4 {you!}  Nc4 12.Qa6 Qd7 13.Qb7 Qg4 14.Kf1 
Qxh4 15.Qxc7 Ng4 16.f3 Qf2+ 0-1

[Event "HCL-B3765"]
[Site "www.playchess.de"]
[Date "2006.01.02"]
[Round "1"]
[White "Sonea"]
[Black "unclcarle"]
[WhiteElo "1333"]
[BlackElo "1099"]
[PlyCount "35"]
[Result "1-0"]

1.d3 {Hello from Imardin, Kyralia}  e6 {Excellent. 
hELLO FROM nNYC.   How is the weather there?  I 
LOOK wward to seeing you on the binge and nephew}  
2.Nd2 {"Binge and Nephew"? What is that?}  Bc5 {I 
have no idea what that means.  I must have been 
1/2 asleep when I typed that in.  Sorry.}  3.Ngf3 
{And the other half? :-)}  Nf6 {LOL.  I like your 
sense of humor.  The other 1/2 was cognizant but 
delirious.}  4.e4 {Perfect. best state to do bad 
moves.}  Ng4 {Very true, which is why I will try 
to remain conscious for the remainder of the game. 
 :)}  5.d4 {Trying win, aren't you? :-))}  Bb6 
{LOL.  I was hoping you wouldn't notice.  :)}  
6.h3 Nf6 7.Bd3 O-O 8.c3 d5 9.e5 Nh5 10.Nf1 Nc6 
11.Ng5 g6 12.Be2 Ng7 13.Ng3 h6 14.Nf3 Ne7 15.Bxh6 
Nef5 16.Nxf5 exf5 17.Bxg7 Kxg7 
18.Qc2 1-0

[Event "HCL-M872"]
[Site "www.playchess.de"]
[Date "2006.01.02"]
[Round "18"]
[White "Palamede"]
[Black "Bauarbeiter"]
[WhiteElo "2201"]
[BlackElo "1832"]
[PlyCount "26"]
[Result "1-0"]

1.e4 {Hi and good luck !}  e5 {Hi. MNice to meet 
you. Good luck for you too.}  2.Nf3 Nc6 3.Bb5 a6 
4.Ba4 b5 5.Bb3 Nf6 6.O-O Bb7 7.c3 Bc5 8.d4 exd4 
9.cxd4 Bb6 10.e5 Ne4 11.Bd5 Na5 12.Bxb7 Nxb7 
13.Re1 f5 1-0

[Event "HCL-C4027"]
[Site "www.playchess.de"]
[Date "2006.01.02"]
[Round "8"]
[White "Innessa"]
[Black "also"]
[WhiteElo "843"]
[BlackElo "1044"]
[PlyCount "45"]
[Result "1-0"]

1.e4 {Hi !  Good luck !}  e5 {u to}  2.Bc4 Qh4 
3.Nf3 Qxe4+ 4.Be2 Bc5 5.O-O Nf6 6.d3 Qg4 7.Nxe5 
Qf5 8.Nf3 Ng4 9.Be3 Bd6 10.g3 h5 11.Nh4 Qf6 
12.Bxg4 Qxb2 13.Nd2 hxg4 14.Qxg4 Qxc2 15.Qxg7 Rf8 
16.Qh6 Qc3 17.Ne4 Qxd3 18.Nf6+ Ke7 19.Bg5 Qc3 
20.Nd5+ Ke8 21.Nxc3 {Happy new year !  Sorry for 
my play !   : )}  Be5 {same to you Happy New Year! 
It's ok i know your gonna win}  22.Rae1 {OK !  
Thank You !}  Rh8 23.Qxh8+ 1-0

[Event "HCL-A2516"]
[Site "www.playchess.de"]
[Date "2006.01.02"]
[Round "18"]
[White "froilo"]
[Black "zemljanin"]
[WhiteElo "1383"]
[BlackElo "1405"]
[PlyCount "85"]
[Result "1-0"]

1.Nf3 b6 2.b3 Bb7 3.Bb2 f6 4.d3 Bxf3 5.gxf3 e5 
6.Rg1 d5 7.Nd2 c5 8.e3 Nc6 9.a3 Bd6 10.Rxg7 Nge7 
11.f4 h5 12.Qf3 Nf5 13.Rg1 Nfe7 14.O-O-O Qd7 
15.Bh3 f5 16.Rg7 O-O-O 17.Rdg1 Rdg8 18.R7xg8+ Nxg8 
19.Qxd5 Nf6 20.Qh1 Ng4 21.Bxg4 hxg4 22.f3 Kb8 
23.fxg4 fxg4 24.Nc4 Bc7 25.fxe5 Qe6 26.d4 cxd4 
27.exd4 Qh6+ 28.Kb1 Rg8 29.Bc1 Qg6 30.Be3 b5 
31.Nd6 Bxd6 32.Qxc6 Bxa3 33.Qxb5+ Qb6 34.Qxb6+ 
axb6 35.d5 Bc5 36.Bxc5 bxc5 37.c4 Kc7 38.Kc2 Rh8 
39.Rxg4 Rxh2+ 40.Kc3 Rh3+ 41.Kb2 Rh7 42.Ka3 Kd8 
43.b4 1-0

[Event "HCL-A2514"]
[Site "www.playchess.de"]
[Date "2006.01.02"]
[Round "3"]
[White "Matu"]
[Black "ippuli"]
[WhiteElo "1509"]
[BlackElo "1495"]
[PlyCount "124"]
[Result "1/2-1/2"]

1.Nf3 Nc6 2.b3 e5 3.Bb2 d6 4.g3 Bg4 5.Bg2 Qd7 
6.O-O Bh3 7.e3 Bxg2 8.Kxg2 h5 9.h3 Be7 10.d4 e4 
11.Nfd2 Nf6 12.a3 g5 13.c4 Ng8 14.Nxe4 f5 15.d5 
Ne5 16.f4 gxf4 17.exf4 fxe4 18.fxe5 dxe5 19.Bxe5 
Rh7 20.Nd2 e3 21.Ne4 O-O-O 22.Bf6 b6 23.Qd3 Rf7 
24.Bxe7 Qxe7 25.Rxf7 Qxf7 26.Qxe3 Qg7 27.Rf1 Qb2+ 
28.Rf2 Qxa3 29.Rf7 Re8 30.Qf3 Qb2+ 31.Nf2 Qe5 
32.Qf5+ Kb7 33.Qxe5 Rxe5 34.g4 hxg4 35.Nxg4 Re2+ 
36.Kf3 Re8 37.Kf4 a5 38.h4 Ne7 39.h5 Nc8 40.h6 Nd6 
41.Rg7 Rh8 42.h7 a4 43.bxa4 Nxc4 44.Nf6 Rf8 45.Kg5 
Nd6 46.Rg8 Nf7+ 47.Kg6 Ne5+ 48.Kg7 Rf7+ 49.Kh6 
Rxf6+ {Interesting...}  50.Kg5 Rd6 51.Rb8+ Ka7 
52.Rf8 Rxd5 53.Kh6 Rd6+ {(offering draw)}  54.Kh5 
Ng6 55.Rg8 Nf4+ 56.Kg5 Ne6+ 57.Kg4 Rd4+ 58.Kf5 Rh4 
59.h8Q Rxh8 60.Rxh8 Nc5 61.Rh4 Ka6 62.Ke5 Kb7 
{(offering draw)}  1/2-1/2

[Event "HCL-B3808"]
[Site "www.playchess.de"]
[Date "2006.01.02"]
[Round "1"]
[White "dynamike"]
[Black "djpnola"]
[WhiteElo "1479"]
[BlackElo "1173"]
[PlyCount "95"]
[Result "1-0"]

1.e4 e5 2.Nf3 Bd6 3.Bc4 h6 4.Nc3 a6 5.O-O Nf6 6.d4 
Nc6 7.d5 Nd4 8.Nxd4 exd4 9.Ne2 c5 10.f4 Nxe4 
11.Re1 O-O 12.c3 dxc3 13.Nxc3 Nxc3 14.bxc3 Qf6 
15.Qd3 Bxf4 16.Rf1 g5 17.g3 b5 18.Bb3 c4 19.Bxc4 
bxc4 20.Qxc4 Qb6+ 21.Kg2 Bxc1 22.Raxc1 Qb2+ 23.Kh1 
d6 24.Rce1 Bh3 25.Re2 Qb5 26.Qxb5 axb5 27.Rf6 Rad8 
28.Kg1 Rfe8 29.Rxe8+ Rxe8 30.Rxd6 Re1+ 31.Kf2 Rf1+ 
32.Ke2 f5 33.Rxh6 Rc1 34.Kd2 Ra1 35.Rxh3 Rxa2+ 
36.Kd3 Ra3 37.Kd4 g4 38.Rh5 Ra4+ 39.Ke5 Rc4 40.d6 
Rxc3 41.d7 Rd3 42.Ke6 b4 43.Rxf5 b3 44.Rg5+ Kf8 
45.Rxg4 b2 46.Rb4 Rd2 47.Rxb2 Rxb2 
48.d8Q+ 1-0

[Event "HCL-E1530"]
[Site "www.playchess.de"]
[Date "2006.01.02"]
[Round "4"]
[White "Josef"]
[Black "hakam_kilani"]
[WhiteElo "1608"]
[BlackElo "2000"]
[PlyCount "36"]
[Result "0-1"]

1.d4 Nf6 2.c4 d5 3.Nf3 c6 4.cxd5 cxd5 5.Nc3 Nc6 
6.Bg5 Ne4 7.Bh4 Qa5 8.Qb3 e6 9.e3 Bb4 10.Rc1 O-O 
11.Bd3 f5 12.O-O h6 13.Bxe4 fxe4 14.Ne5 Nxe5 
15.dxe5 g5 16.Bg3 Rb8 17.Ne2 Bd7 18.Nd4 
Ba4 0-1

[Event "HCL-T241"]
[Site "www.playchess.de"]
[Date "2006.01.02"]
[Round "32"]
[White "Dutchin"]
[Black "BigAl"]
[WhiteElo "1695"]
[BlackElo "1519"]
[PlyCount "75"]
[Result "1-0"]

1.c4 e5 2.g3 Nf6 3.Bg2 c6 4.Nc3 d5 5.cxd5 cxd5 
6.Qb3 e4 7.d3 exd3 8.Nxd5 Be6 9.Nxf6+ Qxf6 10.Qxb7 
Bd6 11.Qxa8 O-O 12.Qf3 Bb4+ 13.Kf1 d2 14.Bxd2 Qxb2 
15.Bxb4 Qxa1+ 16.Be1 Rd8 17.Qb7 a6 18.Nh3 Bc4 
19.Qe7 Qd1 20.Nf4 Bb5 21.Qc7 Re8 22.Bd5 Rf8 23.Kg2 
Qa4 24.Bc3 Nd7 25.Rb1 Qc2 26.Rb2 Qf5 27.e4 Qg5 
28.Bc6 Qc5 29.Bb4 Qxc6 30.Qxc6 Bxc6 31.Bxf8 Kxf8 
32.f3 g6 33.Nd5 Kg7 {A very happy Christmas to you 
and your family, I hope 2006 is a great year for 
you}  34.Kf2 {Thank you! I wish you a happy 
Christmas and a good 2006 to you and your family 
as well.}  Ne5 {Many thanks :-)}  35.Rc2 Ba4 
36.Rc7 Nc6 37.f4 Nd4 {All the very best for 2006}  
38.Rc4 {Thanks, you too!}  1-0

[Event "HCL-B3797"]
[Site "www.playchess.de"]
[Date "2006.01.02"]
[Round "7"]
[White "Felipe_Lungov"]
[Black "PhilipKaveny"]
[WhiteElo "1261"]
[BlackElo "1384"]
[PlyCount "120"]
[Result "0-1"]

1.d4 g6 2.e4 d6 3.Nf3 Bg7 4.Be3 c5 5.c3 cxd4 
6.cxd4 Nf6 7.Nbd2 O-O 8.Be2 Nc6 9.h3 Qa5 10.O-O e5 
11.d5 Nb4 12.a3 Na6 13.Nc4 Qd8 14.Rc1 Nxe4 15.Qc2 
f5 16.Bd3 Nac5 17.Bxc5 Nxc5 18.b4 Nxd3 19.Qxd3 e4 
20.Qe2 exf3 21.Qxf3 b5 22.Ne3 a5 23.Qf4 Be5 24.Qf3 
axb4 25.axb4 Ra3 26.Qd1 Bf4 27.Re1 Bxe3 28.fxe3 
Ra4 29.Qd4 Bb7 30.Rca1 Rxa1 31.Rxa1 Qf6 32.Qxf6 
Rxf6 33.Ra5 Bxd5 34.Rxb5 Be4 35.Kf2 Rf7 {Good 
fight}  36.Rb6 {uneven too}  Rb7 37.Rxd6 Rxb4 
38.Rd4 Rxd4 39.exd4 Kf7 40.g3 Ke6 41.Ke3 Kd5 42.g4 
fxg4 43.hxg4 Bh1 44.Kf4 Kxd4 45.Kg5 Bf3 46.Kh6 
Bxg4 47.Kxh7 Bf5 48.Kh6 Ke4 49.Kg5 Ke5 50.Kh4 Kf6 
51.Kg3 g5 52.Kf3 Kg6 53.Kf2 Kh5 54.Kg3 Be6 55.Kf3 
Kh4 56.Kg2 Bd5+ 57.Kh2 Kg4 58.Kg1 Kg3 59.Kf1 Kh2 
60.Kf2 g4 0-1

[Event "HCL-B3814"]
[Site "www.playchess.de"]
[Date "2006.01.02"]
[Round "6"]
[White "gridguy"]
[Black "haidi"]
[WhiteElo "1684"]
[BlackElo "1006"]
[PlyCount "64"]
[Result "1/2-1/2"]

1.d4 {Hello from Seattle ... good luck!}  d5 
{Hallo from Berlin}  2.c4 dxc4 3.e4 b5 4.Nc3 Bd7 
5.Nf3 Nf6 6.Bg5 e6 7.e5 h6 8.Bh4 g5 9.Nxg5 hxg5 
10.Bxg5 Be7 11.Bxf6 Bxf6 12.exf6 Qxf6 13.b3 a6 
14.bxc4 bxc4 15.Bxc4 Nc6 16.Ne2 Qg5 17.Ng3 Qh4 
18.d5 Ne5 19.dxe6 fxe6 20.Bb3 Qb4+ 21.Qd2 Qb5 
22.Rd1 Bc6 23.Bxe6 Bxg2 24.Bd5 Bxh1 25.Bxa8 Nd3+ 
26.Qxd3 Qxd3 27.Rxd3 Bxa8 28.Rb3 Kd7 29.Nf1 Bg2 
30.Ra3 Rh6 31.Rg3 Bxf1 32.Kxf1 Rxh2 {(offering 
draw)}  1/2-1/2

[Event "HCL-A2494"]
[Site "www.playchess.de"]
[Date "2006.01.02"]
[Round "33"]
[White "Eishockeytorwart"]
[Black "kali"]
[WhiteElo "1860"]
[BlackElo "1456"]
[PlyCount "37"]
[Result "1-0"]

1.e4 {willkommen aus mönchengladbach}  e5 {Glecih 
3mal?! Was ist los hier :-)}  2.Nf3 Nc6 3.Bb5 a6 
4.Ba4 Nf6 5.Nc3 b5 6.Bb3 Bc5 7.d3 O-O 8.O-O d6 
9.Bg5 h6 10.Bh4 Bg4 11.Bd5 Bd7 12.Qd2 Nd4 13.Bxa8 
Nxf3+ 14.gxf3 Qxa8 15.Bxf6 gxf6 16.Qxh6 f5 17.Kh1 
f6 18.Qg6+ Kh8 19.Qh5+ 1-0

[Event "HCL-E1438"]
[Site "www.playchess.de"]
[Date "2006.01.02"]
[Round "19"]
[White "BigAl"]
[Black "Cordi"]
[WhiteElo "1558"]
[BlackElo "1574"]
[PlyCount "105"]
[Result "1/2-1/2"]

1.c4 {Hi, nice to meet you, good luck with the 
tournament}  e5 {Hi, good luck for you as well!}  
2.Nc3 {Thanks}  Nf6 3.g3 d5 4.e3 d4 5.exd4 exd4 
6.Qe2+ Qe7 7.Qxe7+ Bxe7 8.Nb5 Nc6 9.Nxc7+ Kd8 
10.Nxa8 Nb4 11.Kd1 Ne4 12.Ke2 d3+ 13.Kf3 b6 
14.Kxe4 Bb7+ 15.Kf4 Bxh1 16.Nxb6 axb6 17.a3 Bd6+ 
18.Kg4 Nc2 19.Rb1 Be4 20.b4 Be5 21.f3 Bg6 22.f4 
h5+ 23.Kf3 Bd4 24.Bb2 Bxg1 25.Bxd3 Bxd3 26.Rxg1 f6 
27.Rc1 Re8 28.Kf2 Re2+ 29.Kg1 Rxd2 30.Bc3 Re2 
31.Rd1 Nxa3 32.Rxd3+ Kc7 33.c5 bxc5 34.bxc5 Nb5 
35.Ba5+ Kc6 36.Bb6 Re8 37.Kf2 g5 38.fxg5 fxg5 
39.Rf3 Nd4 40.Re3 Rf8+ 41.Kg2 Rf6 42.Bd8 Rf5 
43.Be7 Kd7 44.Bd6 Ne6 45.Re5 Rxe5 46.Bxe5 Nxc5 
47.Kf3 Ke6 {(offering draw)}  48.Bd4 {You're 
probably right with the draw, I'd just like to try 
a few more first please}  Nd7 49.g4 h4 50.Ke4 Nf8 
51.Bc5 Nh7 52.h3 Nf6+ 53.Kf3 {(offering draw) 
Still fancy that draw?}  1/2-1/2

[Event "ACL-M065"]
[Site "www.playchess.de"]
[Date "2006.01.02"]
[Round "26"]
[White "Apollo"]
[Black "chessnuts"]
[WhiteElo "2131"]
[BlackElo "1861"]
[PlyCount "85"]
[Result "1-0"]

1.e4 {Good to be playing you again.}  c5 
{Yea...you win all the time!!}  2.Nf3 Nc6 3.d4 
cxd4 4.Nxd4 Nf6 5.Nc3 d6 6.Bg5 Bd7 7.Qd2 a6 {I'll 
try a different line from last time you beat me}  
8.O-O-O {It's a good line.}  e6 9.f4 b5 10.Bxf6 
gxf6 11.Kb1 Qb6 12.Nf3 Be7 13.f5 O-O-O 14.g3 Kb8 
15.fxe6 fxe6 16.Bh3 Bc8 17.Qe1 Rhe8 18.Ne2 Ne5 
19.Rf1 Nc4 20.Nf4 Ne3 21.Bxe6 Nxd1 22.Qxd1 d5 
23.exd5 Bd6 24.Bxc8 Bxf4 25.Bh3 Be5 26.Bg2 Qd6 
27.Nd2 Re7 28.c3 Qb6 29.Ne4 Ka7 30.Qf3 Red7 31.Rd1 
R7xd5 32.Rxd5 Rxd5 33.Nxf6 Rd8 34.Nd5 Qg1+ 35.Kc2 
Rf8 36.Nf4 Qb6 37.Qe4 Bd6 38.Ne6 Rf2+ 39.Kd3 Qb8 
40.Qd4+ Qb6 {no choise}  41.Qd5 Qb8 42.Be4 Rf7 
43.Nd8 1-0

[Event "HCL-M847"]
[Site "www.playchess.de"]
[Date "2006.01.03"]
[Round "1"]
[White "temple"]
[Black "Kimura"]
[WhiteElo "1754"]
[BlackElo "1860"]
[PlyCount "42"]
[Result "1-0"]

1.d4 {Hello again,good luck.}  Nf6 {Have a great 
game.}  2.c4 g6 3.Nc3 Bg7 4.e4 d6 5.f4 c5 6.d5 
Nbd7 7.Nf3 O-O 8.Bd3 Ne8 9.O-O a6 10.Qc2 e5 11.f5 
Ndf6 12.h3 h6 13.g4 g5 14.Qg2 Nh7 15.Qg3 Bf6 
16.Kg2 Ng7 17.Rh1 h5 18.gxh5 Nxh5 19.Qg4 Ng7 20.h4 
b5 21.hxg5 {Hepy New Year!}  Nxg5 {Happy new year 
for you too!}  1-0

[Event "HCL-C3995"]
[Site "www.playchess.de"]
[Date "2006.01.03"]
[Round "2"]
[White "Thrustnicely"]
[Black "klm"]
[WhiteElo "1053"]
[BlackElo "1028"]
[PlyCount "70"]
[Result "0-1"]

1.e4 e5 2.Nf3 Nc6 3.c3 Nf6 4.Qe2 d5 5.d3 Bg4 6.h3 
Bxf3 7.Qxf3 d4 8.Qf5 Bd6 9.Be2 O-O 10.Nd2 g6 
11.Qf3 Nd7 12.a3 a5 13.h4 Nf6 14.g4 Nd7 15.Nb3 a4 
16.Nd2 Nc5 17.g5 Ne6 18.Nc4 b5 19.Nd2 Nf4 20.b3 
dxc3 21.Nb1 Nd4 22.Qg3 Ndxe2 23.Qf3 Nxc1 24.d4 
Ncd3+ 25.Kd1 axb3 26.Nxc3 b2 27.Ra2 b4 28.Nb1 bxa3 
29.Kc2 Nb4+ 30.Kb3 Nxa2 31.Kxa2 exd4 32.Rd1 c5 
33.Nxa3 Qb6 34.Rb1 Rfb8 35.Qb3 
Qxb3+ 0-1

[Event "HCL-E1519"]
[Site "www.playchess.de"]
[Date "2006.01.03"]
[Round "19"]
[White "carlosmadeira"]
[Black "Eishockeytorwart"]
[WhiteElo "1536"]
[BlackElo "1944"]
[PlyCount "54"]
[Result "0-1"]

1.e4 e5 {welcome from germany}  2.Nf3 Nc6 3.Bb5 
{good luck for you}  a6 4.Ba4 Nf6 5.O-O Be7 6.Re1 
b5 7.Bb3 d6 8.c3 Bg4 9.d4 exd4 10.cxd4 Bxf3 
11.gxf3 Na5 12.Bc2 O-O 13.f4 Qd7 14.e5 Nd5 15.Be4 
c6 16.Qf3 Nb4 17.Re2 dxe5 18.a3 f5 19.axb4 fxe4 
20.Rxe4 Nc4 21.b3 Nd6 22.Rxe5 Bf6 23.Qd3 Qg4+ 
24.Kh1 Bxe5 25.dxe5 Ne4 26.Be3 Qf3+ 27.Kg1 
Nxf2 0-1

[Event "HCL-B3606"]
[Site "www.playchess.de"]
[Date "2006.01.03"]
[Round "24"]
[White "mel"]
[Black "Milosforman"]
[WhiteElo "1166"]
[BlackElo "1092"]
[PlyCount "88"]
[Result "0-1"]

1.d4 d5 2.c4 e6 3.c5 c6 4.Nf3 g6 5.e3 Nd7 6.b4 a6 
7.Bd3 Bg7 8.Bb2 Ne7 9.a4 Nf5 10.Nbd2 Nh4 11.b5 
Nxg2+ 12.Kf1 Nh4 13.bxc6 bxc6 14.e4 e5 15.exd5 
cxd5 16.dxe5 Nxf3 17.Nxf3 O-O 18.Bd4 Re8 19.h4 
Nxe5 20.Ng5 Bg4 21.Qb3 Nxd3 22.Qxd3 Be2+ 23.Qxe2 
Rxe2 24.Bxg7 Kxg7 25.Kxe2 d4 26.Kd3 Qd5 27.Rac1 
Rc8 28.Ne4 f5 29.Nd2 Rxc5 30.Rhe1 Rxc1 31.Rxc1 Qg2 
32.Ke2 Qg4+ 33.Kd3 Qxh4 34.Rf1 Qh3+ 35.f3 h5 
36.Kxd4 Qh4+ 37.Ke5 Qxa4 38.Rb1 Qa5+ 39.Ke6 Qxd2 
40.Rb7+ Kh6 41.Rd7 Qxd7+ 42.Kxd7 a5 43.Kc6 a4 
44.Kb5 a3 0-1

[Event "HCL-T255"]
[Site "www.playchess.de"]
[Date "2006.01.03"]
[Round "8"]
[White "taroak"]
[Black "leobor"]
[WhiteElo "1458"]
[BlackElo "2077"]
[PlyCount "28"]
[Result "0-1"]

1.e4 e5 2.Nf3 Nc6 3.Bb5 a6 4.Ba4 Nf6 5.d4 exd4 
6.e5 Ne4 7.O-O Be7 8.Bxc6 dxc6 9.Nxd4 O-O 10.Qd3 
Qd5 11.Nc3 Nxc3 12.Qxc3 f6 13.exf6 Bxf6 14.Be3 
c5 0-1